Получение ферромагнитной жидкости; Ресурсоэффективным технологиям - энергию и энтузиазм молодых

Bibliografiske detaljer
Parent link:Ресурсоэффективным технологиям - энергию и энтузиазм молодых.— 2012.— [С. 165-167]
Andre forfattere: Юнда Е. Н. Елена Николаевна (научный руководитель), Рогов И. С., Каширина Н. В. Надежда Владимировна, Андреев С. А., Годымчук А. Ю. Анна Юрьевна
Summary:Заглавие с экрана
Sprog:russisk
Udgivet: 2012
Serier:Конкурс-выставка "Музей занимательной физики" для 2-го курса
Fag:
Online adgang:http://www.lib.tpu.ru/fulltext/c/2012/C08/068.pdf
Format: MixedMaterials Electronisk Book Chapter
KOHA link:https://koha.lib.tpu.ru/cgi-bin/koha/opac-detail.pl?biblionumber=234245

MARC

LEADER 00000naa2a2200000 4500
001 234245
005 20260123092003.0
035 |a (RuTPU)RU\TPU\book\255356 
035 |a RU\TPU\book\255346 
090 |a 234245 
100 |a 20130321d2012 k y0rusy50 ca 
101 0 |a rus 
102 |a RU 
181 0 |a i  
182 0 |a b 
200 1 |a Получение ферромагнитной жидкости  |f Е. Н. Юнда [и др.]  |g науч. рук. А. Ю. Годымчук 
203 |a Текст  |c электронный 
215 |a 1 файл (377 Кб) 
225 1 |a Конкурс-выставка "Музей занимательной физики" для 2-го курса 
300 |a Заглавие с экрана 
320 |a [Библиогр.: с. 167 (5 назв.)] 
337 |a Adobe Reader 
463 1 |0 (RuTPU)RU\TPU\book\251281  |t Ресурсоэффективным технологиям - энергию и энтузиазм молодых   |o сборник докладов III Университетской конференции студентов Элитного технического образования, г. Томск, 16 -17 апреля 2012 г.  |f Национальный исследовательский Томский политехнический университет (ТПУ)   |v [С. 165-167]  |d 2012 
610 1 |a электронный ресурс 
610 1 |a труды учёных ТПУ 
610 1 |a получение 
610 1 |a ферромагнитные жидкости 
610 1 |a экспериментальные установки 
701 1 |a Юнда  |b Е. Н.  |c специалист в области наноматериалов и нанотехнологий  |c лаборант Томского политехнического университета  |f 1992-  |g Елена Николаевна  |3 (RuTPU)RU\TPU\pers\30672 
701 1 |a Рогов  |b И. С. 
701 1 |a Каширина  |b Н. В.  |c химик-технолог  |c техник Томского политехнического университета  |f 1993-  |g Надежда Владимировна  |3 (RuTPU)RU\TPU\pers\32309 
701 1 |a Андреев  |b С. А. 
702 1 |a Годымчук  |b А. Ю.  |c специалист в области нанотехнологий и наноматериалов  |c доцент Томского политехнического университета, кандидат технических наук  |f 1978-  |g Анна Юрьевна  |3 (RuTPU)RU\TPU\pers\26193  |4 727  |9 12001 
801 1 |a RU  |b 63413507  |c 20101016 
801 2 |a RU  |b 63413507  |c 20151029  |g RCR 
856 4 |u http://www.lib.tpu.ru/fulltext/c/2012/C08/068.pdf 
942 |c CF